[Event "Turmero IRT"]
[Site "Turmero"]
[Date "2017.08.26"]
[Round "3.4"]
[White "Campos, Jesus1111"]
[Black "Hernandez Rangel, Kelly Jose"]
[Result "1/2-1/2"]
[WhiteElo "1798"]
[BlackElo "1760"]
[PlyCount "113"]
[EventDate "2017.08.26"]
[EventType "swiss"]
[EventRounds "6"]
[EventCountry "VEN"]
[SourceTitle "EXT 2022"]
[Source "ChessBase"]
[SourceDate "2021.10.06"]
[SourceVersion "1"]
[SourceVersionDate "2021.10.06"]
[SourceQuality "1"]

1. e4 e6 2. f4 d5 3. e5 c5 4. Nf3 Nc6 5. Nc3 Nge7 6. d4 Nf5 7. dxc5 Bxc5 8. Bd3 Nh4 9. Qe2 Bd7 10. Bd2 a6 11. g3 Nxf3+ 12. Qxf3 b5 13. Qg4 g6 14. a3 Qb6 15. Rf1 Nd4 16. b4 Be7 17. 0-0-0 a5 18. Be3 Nb3+ 19. cxb3 Qxe3+ 20. Kb2 axb4 21. Nxb5 bxa3+ 22. Ka2 Kf8 23. Nc7 Rc8 24. Nxd5 Qd4 25. Qe2 Qxd5 26. Ba6 Qc6 27. Bxc8 Bxc8 28. Rc1 Qa8 29. g4 Ba6 30. Qf3 Bb7 31. Qc3 h5 32. f5 gxf5 33. gxf5 exf5 34. Rxf5 Be4 35. e6 Rh7 36. Ra5 Qb7 37. exf7 Bg6 38. Qg3 Bxf7 39. Rc7 Bxb3+ 40. Qxb3 Qxc7 41. Ra8+ Bd8 42. Qxa3+ Kg8 43. Qb3+ Kh8 44. Qb2+ Kg8 45. Qg2+ Rg7 46. Qd5+ Qf7 47. Rxd8+ Kh7 48. Qxf7 Rxf7 49. Rd2 h4 50. Kb2 h3 51. Kc3 Rf3+ 52. Rd3 Rxd3+ 53. Kxd3 Kg6 54. Ke3 Kg5 55. Kf3 Kh4 56. Kf4 Kh5 57. Kg3 1/2-1/2

[Event "Turmero IRT"]
[Site "Turmero"]
[Date "2017.08.26"]
[Round "5.4"]
[White "Hernandez Rangel, Kelly Jose"]
[Black "Jaramillo Lopez, Ali Aaron"]
[Result "1-0"]
[WhiteElo "1760"]
[BlackElo "1430"]
[PlyCount "29"]
[EventDate "2017.08.26"]
[EventType "swiss"]
[EventRounds "6"]
[EventCountry "VEN"]
[SourceTitle "EXT 2022"]
[Source "ChessBase"]
[SourceDate "2021.10.06"]
[SourceVersion "1"]
[SourceVersionDate "2021.10.06"]
[SourceQuality "1"]

1. e4 e5 2. Bc4 Nf6 3. d3 Bc5 4. Nf3 d6 5. Nbd2 c6 6. Bb3 b5 7. c3 Qb6 8. Qe2 a5 9. 0-0 Ba6 10. d4 exd4 11. e5 dxe5 12. Qxe5+ Be7 13. Ng5 Rf8 14. Nde4 Qd8 15. Re1 1-0

[Event "Turmero Zowain Memorial"]
[Site "Turmero"]
[Date "2017.08.19"]
[Round "3"]
[White "Hernandez Rangel, Kelly Jose"]
[Black "Camargo Picon, Mariangel"]
[Result "1-0"]
[WhiteElo "1760"]
[BlackElo "1219"]
[PlyCount "89"]
[EventDate "2017.08.19"]
[EventType "swiss"]
[EventRounds "6"]
[EventCountry "VEN"]
[SourceTitle "EXT 2019"]
[Source "ChessBase"]
[SourceDate "2018.10.10"]
[SourceVersion "1"]
[SourceVersionDate "2018.10.10"]
[SourceQuality "1"]

1. b3 d5 2. f4 Nc6 3. Bb2 Bf5 4. Nf3 e6 5. d3 Nf6 6. Nbd2 Bd6 7. e3 0-0 8. Be2 Ng4 9. Nf1 Nf6 10. Nh4 Bb4+ 11. Nd2 d4 12. e4 Bg6 13. Nxg6 fxg6 14. 0-0 Nh5 15. Bxh5 gxh5 16. a3 Bxd2 17. Qxd2 h4 18. Rf3 e5 19. f5 Rf6 20. Raf1 Rh6 21. f6 Rxf6 22. Rxf6 gxf6 23. Qh6 Qe7 24. Rxf6 Rf8 25. Rxf8+ Qxf8 26. Qxh4 Ne7 27. Bc1 Ng6 28. Qg4 Kh8 29. b4 Qe8 30. Bh6 Kg8 31. h4 Kf7 32. h5 Nf4 33. Bxf4 exf4 34. Qxf4+ Kg8 35. h6 Qc6 36. Qg5+ Kf8 37. Qg7+ Ke8 38. Qh8+ Kd7 39. Qxh7+ Kd8 40. Qh8+ Kd7 41. Qxd4+ Ke8 42. h7 Qxc2 43. h8Q+ Ke7 44. Qhf6+ Ke8 45. Qdd8# 1-0